The essential pocket guide for clinical nutrition / Mary Width, MS, RD, FAND, Tonia Reinhard, MS, RD, FAND. (Record no. 21599)

000 -LEADER
fixed length control field 00690nam a22001817a 4500
020 ## - INTERNATIONAL STANDARD BOOK NUMBER
ISBN 9781284288582
082 ## - DEWEY DECIMAL CLASSIFICATION NUMBER
Classification number 616.33
Item number W641 2025
100 ## - MAIN ENTRY--AUTHOR NAME
Personal name Width, Mary, author.
245 ## - TITLE STATEMENT
Title The essential pocket guide for clinical nutrition / Mary Width, MS, RD, FAND, Tonia Reinhard, MS, RD, FAND.
250 ## - EDITION STATEMENT
Edition statement Fourth edition.
260 ## - PUBLICATION, DISTRIBUTION, ETC. (IMPRINT)
Place of publication Burlington, MA :
Name of publisher Jones & Bartlett Learning,
Year of publication ©2025.
300 ## - PHYSICAL DESCRIPTION
Number of Pages xix, 403 pages ;
Other physical details 23 cm.
500 ## - GENERAL NOTE
General note Includes bibliographical references and index.
650 ## - SUBJECT ADDED ENTRY--TOPICAL TERM
Topical Term Clinical nutrition -- Handbooks, manuals, etc.
650 ## - SUBJECT ADDED ENTRY--TOPICAL TERM
Topical Term Nutrition assessment -- Handbooks, manuals, etc.
650 ## - SUBJECT ADDED ENTRY--TOPICAL TERM
Topical Term Diet therapy -- Handbooks, manuals, etc.
942 ## - ADDED ENTRY ELEMENTS (KOHA)
Koha item type Books
Holdings
Source of acquisition Permanent Location Date acquired Koha item type Collection code Accession Number Lost status Shelving location Withdrawn status Current Location Full call number
SchoolCagayan State University - Carig Library2026-01-08BooksMedicineM002836 Medical Library Cagayan State University - Carig Library616.33 W641 2025

Cagayan State University University Library, Carig Campus
Tuguegarao City, Cagayan 3500 | www.csucarig.edu.ph

Powered by Koha